Detalles MARC
| 000 -CABECERA |
| Longitud fija campo de control |
01771nam a2200433 c 4500 |
| 001 - NÚMERO DE CONTROL |
| Número de control |
2033 |
| 003 - IDENTIFICADOR DE NÚMERO DE CONTROL |
| Identificador del número de control |
ES-MaCES |
| 005 - FECHA Y HORA DE LA ÚLTIMA TRANSACCIÓN |
| Fecha y hora de la última transacción |
20141221121557.0 |
| 008 - CAMPO FIJO DE DESCRIPCIÓN FIJA--INFORMACIÓN GENERAL |
| Códigos de información de longitud fija |
970423s1994 sp 000 | spa d |
| 035 ## - NÚMERO DE CONTROL DEL SISTEMA |
| Número de control del sistema |
CES19980020473m |
| 040 ## - FUENTE DE CATALOGACIÓN |
| Centro catalogador de origen |
ES-MaCES |
| Lengua de catalogación |
spa |
| Centro transcriptor |
ES-MaCES |
| 100 1# - ENCABEZAMIENTO PRINCIPAL--NOMBRE PERSONAL |
| Nombre de persona |
Gómez Caballero, Pedro |
| 9 (RLIN) |
13589 |
| 245 14 - MENCIÓN DE TÍTULO |
| Título |
Los derechos colectivos de los funcionarios |
| Mención de responsabilidad, etc. |
Pedro Gómez Caballero |
| 260 ## - PUBLICACIÓN, DISTRIBUCIÓN, ETC (PIE DE IMPRENTA) |
| Lugar de publicación, distribución, etc. |
Córdoba |
| Nombre del editor, distribuidor, etc. |
P. Gómez |
| Fecha de publicación, distribución, etc. |
1994 |
| 300 ## - DESCRIPCIÓN FÍSICA |
| Extensión |
549 h. |
| Dimensiones |
30 cm |
| 490 1# - MENCIÓN DE SERIE |
| Mención de serie |
Tesis doctorales |
| 490 1# - MENCIÓN DE SERIE |
| Mención de serie |
Colección Estudios |
| Designación de volumen o secuencia |
9 |
| 500 ## - NOTA GENERAL |
| Nota general |
Precede al tít.: Universidad de Córdoba, Departamento de Disciplinas Histórico-Jurídicas y Económico-Sociales |
| 500 ## - NOTA GENERAL |
| Nota general |
Tesis-Universidad de Córdoba |
| 500 ## - NOTA GENERAL |
| Nota general |
Posteriormente, Tesis-Presentada en la convocatoria 1994 de premios del Consejo Económico y Social de España para tesis doctorales, publicada en la Colección Estudios 9 |
| 504 ## - NOTA DE BIBLIOGRAFÍA, ETC. |
| Nota de bibliografía, etc. |
Bibliografía: p. 533-549 |
| 541 ## - NOTA DE LA FUENTE INMEDIANTE DE ADQUISICIÓN |
| Forma de adquisición |
Gratuito |
| 650 #4 - ASIENTO SECUNDARIO DE MATERIA--TÉRMINO DE MATERIA |
| Término de materia o nombre geográfico como elemento inicial |
funcionario |
| 9 (RLIN) |
27224 |
| 650 #4 - ASIENTO SECUNDARIO DE MATERIA--TÉRMINO DE MATERIA |
| Término de materia o nombre geográfico como elemento inicial |
función pública |
| 9 (RLIN) |
27225 |
| 650 #4 - ASIENTO SECUNDARIO DE MATERIA--TÉRMINO DE MATERIA |
| Término de materia o nombre geográfico como elemento inicial |
condiciones de trabajo |
| 9 (RLIN) |
28327 |
| 650 #4 - ASIENTO SECUNDARIO DE MATERIA--TÉRMINO DE MATERIA |
| Término de materia o nombre geográfico como elemento inicial |
negociación colectiva |
| 9 (RLIN) |
28362 |
| 650 #4 - ASIENTO SECUNDARIO DE MATERIA--TÉRMINO DE MATERIA |
| Término de materia o nombre geográfico como elemento inicial |
representación de los trabajadores |
| 9 (RLIN) |
28379 |
| 650 #4 - ASIENTO SECUNDARIO DE MATERIA--TÉRMINO DE MATERIA |
| Término de materia o nombre geográfico como elemento inicial |
derechos de los trabajadores |
| 9 (RLIN) |
29924 |
| 650 #4 - ASIENTO SECUNDARIO DE MATERIA--TÉRMINO DE MATERIA |
| Término de materia o nombre geográfico como elemento inicial |
derechos sindicales |
| 9 (RLIN) |
29470 |
| 650 #4 - ASIENTO SECUNDARIO DE MATERIA--TÉRMINO DE MATERIA |
| Término de materia o nombre geográfico como elemento inicial |
España |
| 9 (RLIN) |
26964 |
| 650 #4 - ASIENTO SECUNDARIO DE MATERIA--TÉRMINO DE MATERIA |
| Término de materia o nombre geográfico como elemento inicial |
tesis |
| 9 (RLIN) |
28995 |
| 653 10 - TÉRMINO DE INDEXACIÓN--NO CONTROLADO |
| Término no controlado |
Administración-Instituciones públicas |
| 710 1# - ENCABEZAMIENTO SECUNDARIO--NOMBRE CORPORATIVO |
| Nombre de entidad o nombre de jurisdicción como elemento inicial |
Universidad de Córdoba |
| Unidad subordinada |
Departamento de Disciplinas Histórico-Jurídicas y Económico-Sociales |
| 9 (RLIN) |
5269 |
| 830 #0 - ENCABEZAMIENTO SECUNDARIO DE COLECCIÓN--TÍTULO UNIFORME |
| Título uniforme |
Tesis doctorales (Universidad de Córdoba) |
| 9 (RLIN) |
32417 |
| 830 #0 - ENCABEZAMIENTO SECUNDARIO DE COLECCIÓN--TÍTULO UNIFORME |
| Título uniforme |
Colección Estudios (Consejo Económico y Social (España)) |
| Designación de volumen o secuencia |
9 |
| 9 (RLIN) |
32341 |
| 902 ## - CES. TIPO DE DOCUMENTO |
| Tipodoc (006$c Sirtex) |
LIB Libro |
| 942 ## - ELEMENTOS KOHA |
| Fuente de clasificaión o esquema |
Clasificación propia del CES |
| Koha [por defecto] tipo de item |
Monografías |
| Parte de clasificación |
6.3. |